03390nam a2200565Ia 45000010005000000080041000050100009000460410014000550820023000692450170000922600018002623000007002805200007002876300030002946300013003246300016003376300016003536300039003696500027004086900014004357000039004497000043004887000032005319010084005639020006006479030047006539040018007009050025007189060006007439070014007499080014007639090051007779100015008289110010008439120014008539130009008679140024008769150019009009160009009199170009009289180029009379190032009665201767009989210007027659220007027729230006027799240014027859420010027999990015028092049241029s9999 xx 000 0 und d a1919 aEspañol aMA-ES 0027 FH 2006 0aFactores que afectan el proceso enseñanza-aprendizaje en las Escuelas de Derecho de las Universidades Andragógicas del Distrito Nacional: UTE Y UNEFA. Año 2005 aSanto Domingo a93 a12 aAprendizaje Significativo aDocentes aEducación aEstudiantes aProceso de Enseñanza-Aprendizaje aEducación de Adultos aElaborado easesoraAcosta Pérez, Francisco  eautoraMarmolejos Santana, Héctor D. eautoraRamírez, Fernando  a{"1":"Marmolejos Santana","2":"Ramírez"}b{"1":"Héctor D.","2":"Fernando "} a1 a{"1":"Acosta Pérez"}b{"1":"Francisco "} aMaestría en aEnseñanza Superior a2 aNO APLICA aNO APLICA aUniversidad Autónoma de Santo Domingo (UASD) aNULLbNULL a["1"] aNO APLICA aNULL a01 de Marzo de 2006 a12/07/15 06:07 aNULL aNULL aEducación para adultos a["20","70","72","96","163"] aEl propósito principal de este estudio consistió en determinar los factores que afectan el proceso enseñanza-aprendizaje en las Escuelas de Derecho, de las Universidades Andragógicas del Distrito Nacional: UTE y UNEFA, a la vez identificar el sistema de evaluación que implementan para determinar el nivel de aprendizaje de los alumnos.  Se trató de una investigación de tipo descriptiva, documental, de campo, analítica, sintética y comparativa.Las técnicas empleadas fueron la encuesta, la observación, las entrevistas y el análisis documental.  Se trabajó con la  población conformada por la Universidad Félix Adam y la Universidad  de la Tercera Edad, tomando de  la Félix Adam una muestra de 30 estudiantes de nuevo ingreso y 30 estudiantes de termino, de igual manera se procedió con la Universidad de la Tercera Edad, en cuanto a la población de maestros se tomó la totalidad de 48.El estudio concluye que el análisis de las informaciones procedentes del trabajo de campo pone de manifiesto la no pertinencia de los mecanismos evaluativos, la pobreza intelectual, el tiempo disponible para los estudios y el número insuficiente de horas presenciales en el proceso de enseñanza mediante la modalidad andragógica.  Dentro de los procesos para evaluar el aprendizaje predominan: la realización de seminarios, la autoevaluación y la coevaluación.  Se trata de procedimientos evaluativos que en el sistema educativo dominicano resultan infuncionales.Se recomienda incentivar el cultivo del intelecto entre los estudiantes que ingresan a estas universidades.  Someter a los estudiantes a un proceso evaluativo, vigilado por los profesores de cada asignatura para asegurar la fiabilidad de las pruebas. a16 a16 a0 aNO APLICA cTesis c1919d1919